[Event "8e Festival de Vaujany 2017 - principal"]
[Site "Vaujany"]
[Date "2017.07.13"]
[Round "1.1"]
[White "Bauer, C."]
[Black "Fodor, B."]
[Result "1-0"]
[WhiteElo "2639"]
[BlackElo "2117"]
[PlyCount "103"]
[EventDate "2017.07.13"]
[EventRounds "9"]
[EventCountry "FRA"]

1. b3 d5 2. Bb2 Nf6 3. e3 Bf5 4. Nf3 h6 5. Bxf6 exf6 6. c4 dxc4 7. bxc4 c5 8.
Nc3 Nc6 9. Be2 Bd6 10. O-O O-O 11. d3 Qa5 12. Qb3 b6 13. Rab1 Rad8 14. Rfd1 Bb8
15. a3 Qa6 16. Nh4 Be6 17. g3 Qc8 18. Qc2 Rfe8 19. Re1 Bg4 20. Rbd1 Bxe2 21.
Qxe2 Be5 22. Nb1 Bb8 23. f4 Qa6 24. Qb2 Qc8 25. Nc3 f5 26. Qg2 g6 27. Nd5 Qe6
28. e4 Nd4 29. Nf3 Nxf3+ 30. Qxf3 Kg7 31. Qf2 fxe4 32. Rxe4 Qc6 33. Qb2+ f6 34.
Rde1 Rxe4 35. Rxe4 Rf8 36. Qe2 Bd6 37. Re6 Qd7 38. h4 Rf7 39. h5 gxh5 40. Kg2
Bf8 41. f5 Kh8 42. Qxh5 Bg7 43. a4 Kg8 44. Qg6 Qd8 45. Nxf6+ Qxf6 46. Rxf6 Rxf6
47. Qe8+ Kh7 48. g4 a5 49. Kf3 Rd6 50. Ke2 Rf6 51. Ke3 Rd6 52. Qe7 1-0

[Event "8e Festival de Vaujany 2017 - principal"]
[Site "Vaujany"]
[Date "2017.07.13"]
[Round "1.2"]
[White "Pegalatti, A."]
[Black "Lagarde, M."]
[Result "0-1"]
[WhiteElo "2115"]
[BlackElo "2603"]
[PlyCount "82"]
[EventDate "2017.07.13"]
[EventRounds "9"]
[EventCountry "FRA"]

1. d4 g6 2. Bf4 Bg7 3. e3 d6 4. Nf3 f5 5. h3 Nf6 6. Bc4 e6 7. g4 Qe7 8. gxf5
exf5 9. c3 a6 10. Nbd2 Nbd7 11. Bb3 b5 12. Ng5 Bb7 13. Rg1 Nd5 14. Bh2 h6 15.
Ngf3 g5 16. Qe2 N7b6 17. c4 bxc4 18. Nxc4 a5 19. Nxb6 Nxb6 20. a3 a4 21. Ba2
Qe4 22. Nd2 Qe7 23. Qb5+ Qd7 24. Qxd7+ Kxd7 25. O-O-O Bd5 26. Kb1 Rab8 27. Ka1
Bxa2 28. Kxa2 Nd5 29. Rc1 f4 30. Rc4 fxe3 31. fxe3 Rhf8 32. Bg3 Nxe3 33. Rxa4
Nc2 34. Rd1 Nxd4 35. Ne4 Ne2 36. Rd2 Nxg3 37. Nxg3 Rf3 38. Ne4 Rxh3 39. Nc5+
Ke7 40. Re4+ Be5 41. Nd3 Rxd3 0-1

[Event "8e Festival de Vaujany 2017 - principal"]
[Site "Vaujany"]
[Date "2017.07.13"]
[Round "1.3"]
[White "Horvath, Jo"]
[Black "Montagard, G."]
[Result "1-0"]
[WhiteElo "2541"]
[BlackElo "2084"]
[PlyCount "71"]
[EventDate "2017.07.13"]
[EventRounds "9"]
[EventCountry "FRA"]

1. c4 Nf6 2. Nf3 c6 3. d4 d5 4. Qb3 dxc4 5. Qxc4 Bf5 6. g3 e6 7. Bg2 Be7 8. O-O
h6 9. Nc3 Nbd7 10. Re1 Ne4 11. Qb3 Qb6 12. Nh4 Qxb3 13. axb3 Nd6 14. Nxf5 Nxf5
15. Rd1 Bf6 16. e3 O-O 17. b4 a6 18. Ne4 Rfd8 19. Bd2 Be7 20. Kf1 e5 21. dxe5
Nxe5 22. Bc3 Nd3 23. Bh3 g6 24. Nf6+ Kf8 25. e4 Ng7 26. Nd7+ Rxd7 27. Bxd7 Nxb4
28. Bh3 c5 29. Rd7 Ne8 30. Rxb7 Nd6 31. Rd7 Nb5 32. Bxb4 cxb4 33. e5 Bc5 34.
Rd5 Nd4 35. Rxc5 Nb3 36. Rac1 1-0

[Event "8e Festival de Vaujany 2017 - principal"]
[Site "Vaujany"]
[Date "2017.07.13"]
[Round "1.4"]
[White "Soyer, JY."]
[Black "Maïorov, N."]
[Result "0-1"]
[WhiteElo "2057"]
[BlackElo "2531"]
[PlyCount "30"]
[EventDate "2017.07.13"]
[EventRounds "9"]
[EventCountry "FRA"]

1. Nf3 Nf6 2. c4 b6 3. g3 Bb7 4. Bg2 e6 5. O-O Be7 6. Nc3 O-O 7. Re1 d5 8. cxd5
exd5 9. d4 Na6 10. Bf4 h6 11. Ne5 Re8 12. a3 c5 13. dxc5 Nxc5 14. b4 Ne6 15.
Bc1 Qc7 0-1

[Event "8e Festival de Vaujany 2017 - principal"]
[Site "Vaujany"]
[Date "2017.07.13"]
[Round "1.5"]
[White "Brunner, Nicolas"]
[Black "Degeorges, Mathis"]
[Result "1-0"]
[WhiteElo "2480"]
[BlackElo "2061"]
[PlyCount "49"]
[EventDate "2017.07.13"]
[EventRounds "9"]
[EventCountry "FRA"]

1. d4 Nf6 2. c4 c5 3. d5 b5 4. cxb5 a6 5. bxa6 g6 6. Nc3 Bxa6 7. e4 Bxf1 8.
Kxf1 d6 9. Nf3 Nbd7 10. g3 Bg7 11. Kg2 O-O 12. a4 Ng4 13. Qe2 Nb6 14. Nd2 Qc8
15. a5 c4 16. Ra3 Bd4 17. Nf3 Bc5 18. axb6 Rxa3 19. bxa3 Nxf2 20. Be3 Nxh1 21.
Nd4 Bxd4 22. Bxd4 f5 23. exf5 Qxf5 24. Qe6+ Qxe6 25. dxe6 1-0

[Event "8e Festival de Vaujany 2017 - principal"]
[Site "Vaujany"]
[Date "2017.07.13"]
[Round "1.6"]
[White "Suez-Panama, G."]
[Black "Van Foreest, Lucas"]
[Result "0-1"]
[WhiteElo "2084"]
[BlackElo "2473"]
[PlyCount "76"]
[EventDate "2017.07.13"]
[EventRounds "9"]
[EventCountry "FRA"]

1. d4 d5 2. Nf3 e6 3. c4 c6 4. g3 dxc4 5. Bg2 b5 6. O-O Bb7 7. Ne5 a6 8. a4 Nf6
9. axb5 axb5 10. Rxa8 Bxa8 11. Nc3 Nd5 12. Bxd5 exd5 13. e4 Bb4 14. Qg4 O-O 15.
Bh6 Qf6 16. Bg5 Qd6 17. f4 f6 18. Bh6 Qe7 19. Ra1 fxe5 20. Rxa8 exd4 21. Na2
Bc5 22. e5 Kh8 23. Bg5 Qb7 24. Ra5 Bb6 25. Ra3 d3+ 26. Kg2 b4 27. Ra4 c5 28. f5
d4+ 29. Kh3 Nd7 30. e6 Nf6 31. Bxf6 gxf6 32. Nxb4 Rg8 33. e7 Qxe7 34. Nd5 Rxg4
35. Nxe7 Re4 36. Ra8+ Kg7 37. Rg8+ Kf7 38. Nd5 d2 0-1

[Event "8e Festival de Vaujany 2017 - principal"]
[Site "Vaujany"]
[Date "2017.07.13"]
[Round "1.7"]
[White "Gazik, Viktor"]
[Black "Cherki, Thomas"]
[Result "1-0"]
[WhiteElo "2462"]
[BlackElo "2030"]
[PlyCount "35"]
[EventDate "2017.07.13"]
[EventRounds "9"]
[EventCountry "FRA"]
[WhiteTeam "Cluses - St Jeoire"]
[BlackTeam "Cavalier Noir les Herbiers Echecs"]

1. Nf3 Nf6 2. g3 d5 3. Bg2 g6 4. O-O Bg7 5. d3 Nc6 6. Nbd2 Bg4 7. c4 Qd7 8. Qb3
O-O-O 9. cxd5 Nxd5 10. Ne4 Nd4 11. Nxd4 Bxd4 12. e3 Bb6 13. Bd2 e5 14. a4 a5
15. Rfc1 Be6 16. Nf6 Nxf6 17. Qxb6 e4 18. Bxa5 1-0

[Event "8e Festival de Vaujany 2017 - principal"]
[Site "Vaujany"]
[Date "2017.07.13"]
[Round "1.8"]
[White "Da Ces, Philippe"]
[Black "Loiseau, Quentin"]
[Result "0-1"]
[WhiteElo "2019"]
[BlackElo "2424"]
[PlyCount "88"]
[EventDate "2017.07.13"]
[EventRounds "9"]
[EventCountry "FRA"]

1. d4 Nf6 2. Nc3 d5 3. Bf4 e6 4. Nb5 Na6 5. e3 c6 6. Nc3 Nc7 7. Qf3 Bd7 8. Bd3
Rc8 9. Nge2 c5 10. dxc5 Bxc5 11. O-O Bc6 12. Nd4 Qe7 13. Nxc6 bxc6 14. e4 h6
15. exd5 cxd5 16. Rfe1 O-O 17. a3 Rfd8 18. Rad1 Bd6 19. Bxd6 Qxd6 20. Qg3 Nce8
21. Qxd6 Nxd6 22. Nb1 Nd7 23. c3 Nb6 24. b3 Rd7 25. f3 a5 26. a4 Rdc7 27. Rd2
Nd7 28. Rb2 Nc5 29. Bf1 Rb8 30. Nd2 Nxa4 31. Ra2 Nxc3 32. Rxa5 Ncb5 33. Rea1
Nd4 34. Ra8 Rcc8 35. Rxb8 Rxb8 36. Ra3 g5 37. Kf2 Kg7 38. Bd3 Rb4 39. g3 Nb7
40. Ra4 Nc6 41. Rxb4 Nxb4 42. Ke3 Nc5 43. Bb5 e5 44. Ba4 f5 0-1

[Event "8e Festival de Vaujany 2017 - principal"]
[Site "Vaujany"]
[Date "2017.07.13"]
[Round "1.9"]
[White "Godart, Francois"]
[Black "Birovecz, Ben Jordan"]
[Result "1-0"]
[WhiteElo "2411"]
[BlackElo "1981"]
[PlyCount "75"]
[EventDate "2017.07.13"]
[EventRounds "9"]
[EventCountry "FRA"]

1. d4 d5 2. Nf3 c5 3. e3 Nc6 4. c3 Nf6 5. dxc5 a5 6. Bb5 Qc7 7. b4 e5 8. Bb2 e4
9. Nd4 g6 10. c4 Bg7 11. cxd5 Nxd5 12. Bxc6+ bxc6 13. Nb5 cxb5 14. Bxg7 Nxb4
15. Bxh8 Nd3+ 16. Kf1 Qxc5 17. Nc3 Qf5 18. f4 b4 19. g4 Qe6 20. Nb5 Qb6 21. Nd4
Ba6 22. Kg2 f6 23. Qb3 Ke7 24. Rac1 Nxc1 25. Rxc1 Rxh8 26. Rc6 Qb7 27. Qe6+ Kd8
28. Rd6+ Kc7 29. Rd7+ Kb8 30. Rxb7+ Bxb7 31. Qd6+ Ka8 32. Nb5 Rc8 33. Qb6 Rc2+
34. Kg3 Kb8 35. Qa7+ Kc8 36. Nd6+ Kd7 37. Nxb7 Rxa2 38. Nxa5+ 1-0

[Event "8e Festival de Vaujany 2017 - principal"]
[Site "Vaujany"]
[Date "2017.07.13"]
[Round "1.10"]
[White "Geher, K."]
[Black "Skomorokhin, R."]
[Result "0-1"]
[WhiteElo "1973"]
[BlackElo "2390"]
[PlyCount "112"]
[EventDate "2017.07.13"]
[EventRounds "9"]
[EventCountry "FRA"]

1. e4 e6 2. d4 d5 3. Nd2 Nf6 4. e5 Nfd7 5. f4 c5 6. c3 Nc6 7. Ndf3 Be7 8. Bd3
Rb8 9. Ne2 b5 10. O-O Qb6 11. Kh1 g6 12. Be3 a5 13. Qd2 Ba6 14. Rae1 b4 15. g4
h5 16. f5 hxg4 17. fxe6 fxe6 18. Ng5 Nf8 19. dxc5 Qb7 20. Nxe6 Nxe6 21. Bxg6+
Kd8 22. Qxd5+ Qd7 23. c4 Bb7 24. Kg1 Qxd5 25. cxd5 Nxe5 26. Nf4 Nxf4 27. Bxf4
Bxc5+ 28. Kg2 Nxg6 29. Bxb8 Bxd5+ 30. Kg3 Bf3 31. Rxf3 gxf3 32. Kxf3 Nh4+ 33.
Kg4 Rg8+ 34. Kh3 Nf3 35. Rd1+ Ke7 36. Bg3 Bd4 37. b3 Ke6 38. Rd3 Ng1+ 39. Kg2
Ne2 40. Kf3 Nxg3 41. hxg3 Be5 42. Kf2 Rxg3 43. Rd2 Rh3 44. Ke2 Rh2+ 45. Kd1
Rxd2+ 46. Kxd2 Kd5 47. Ke3 Bg7 48. Kd3 Bd4 49. Kc2 Ke4 50. Kd2 Be5 51. Kc2 Ke3
52. Kd1 Kd3 53. Kc1 Kc3 54. Kb1 Kd2 55. a3 bxa3 56. Ka2 Bd6 0-1

[Event "8e Festival de Vaujany 2017 - principal"]
[Site "?"]
[Date "2017.07.13"]
[Round "1.11"]
[White "Piceu, Tom"]
[Black "Mathieu, Phileas"]
[Result "1-0"]
[WhiteElo "2378"]
[BlackElo "1972"]
[PlyCount "65"]

1. d4 d5 2. c4 c6 3. Nc3 Nf6 4. Nf3 a6 5. c5 Bg4 6. h3 Bh5 7. Bf4 Nbd7 8. Qb3
Qc8 9. g4 Bg6 10. e3 Ne4 11. Na4 f6 12. Be2 e5 13. Bh2 Be7 14. Nh4 O-O 15. Nxg6
hxg6 16. f3 Ng5 17. h4 Ne6 18. O-O-O Rb8 19. Kb1 Qc7 20. Nb6 Ndxc5 21. dxc5
Nxc5 22. Nxd5 cxd5 23. Qxd5+ Kh8 24. f4 Rbd8 25. Qc4 Rxd1+ 26. Rxd1 b5 27. Qc2
exf4 28. Bxf4 Qb7 29. Qxg6 Qe4+ 30. Qxe4 Nxe4 31. Rd7 Re8 32. Bf3 g5 33. Bxe4
1-0

[Event "8e Festival de Vaujany 2017 - principal"]
[Site "?"]
[Date "2017.07.13"]
[Round "1.12"]
[White "Williams, Johann"]
[Black "Collas, Didier"]
[Result "1/2-1/2"]
[WhiteElo "1951"]
[BlackElo "2376"]
[PlyCount "96"]

1. e4 e5 2. Nf3 Nc6 3. Bb5 a6 4. Ba4 Nf6 5. O-O Be7 6. Qe2 b5 7. Bb3 O-O 8. c3
d6 9. Rd1 Na5 10. Bc2 c5 11. d4 Qc7 12. d5 Bd7 13. b3 Nb7 14. Nbd2 g6 15. Nf1
Nh5 16. g3 Ng7 17. Bh6 f6 18. Ne3 Nd8 19. a4 Nf7 20. Bxg7 Kxg7 21. axb5 axb5
22. Bd3 Qb7 23. Qb2 h5 24. Rxa8 Rxa8 25. Ra1 Bd8 26. Nc2 Bb6 27. Rxa8 Qxa8 28.
Qa3 Qc8 29. Ne3 f5 30. exf5 gxf5 31. Nh4 Nh6 32. Qa1 c4 33. bxc4 Bxe3 34. fxe3
bxc4 35. Be2 Qc5 36. Kf2 Ng4+ 37. Bxg4 hxg4 38. Qa8 Qb6 39. Qa2 Qb5 40. Qd2 Qb1
41. e4 f4 42. gxf4 Qxe4 43. fxe5 Qxe5 44. Kg1 g3 45. hxg3 Qxg3+ 46. Qg2 Qxg2+
47. Nxg2 Kf6 48. Ne3 Ke5 1/2-1/2

[Event "8e Festival de Vaujany 2017 - principal"]
[Site "?"]
[Date "2017.07.13"]
[Round "1.13"]
[White "Joie, Sebastien"]
[Black "Boghossian, Pierre"]
[Result "1-0"]
[WhiteElo "2376"]
[BlackElo "1948"]
[PlyCount "61"]

1. Nf3 c5 2. e4 a6 3. c4 e6 4. Nc3 Ne7 5. d4 cxd4 6. Nxd4 Nbc6 7. Nb3 Ng6 8.
Bd3 Bb4 9. O-O Nge5 10. Be2 O-O 11. f4 Ng6 12. Be3 b6 13. Bd3 Bxc3 14. bxc3 Bb7
15. Qh5 Nce7 16. g4 d5 17. cxd5 f5 18. Rad1 fxe4 19. Bxe4 exd5 20. f5 Ne5 21.
f6 N7g6 22. Bxg6 Nxg6 23. f7+ Kh8 24. Rf5 Qh4 25. Bg5 Qxh5 26. gxh5 Bc8 27.
Rfxd5 Be6 28. hxg6 Bxd5 29. Rxd5 hxg6 30. Rd7 Rac8 31. Nd4 1-0

[Event "8e Festival de Vaujany 2017 - principal"]
[Site "?"]
[Date "2017.07.13"]
[Round "1.14"]
[White "Teychene, Jean-Louis"]
[Black "Abello, Sebastien"]
[Result "0-1"]
[WhiteElo "1939"]
[BlackElo "2362"]
[PlyCount "66"]

1. d4 Nf6 2. c4 g6 3. g3 Bg7 4. Bg2 d5 5. cxd5 Nxd5 6. e4 Nb6 7. Ne2 c5 8. d5
O-O 9. O-O e6 10. Nbc3 Na6 11. a3 Re8 12. h3 Nc4 13. b3 Nd6 14. Bf4 e5 15. Bd2
b5 16. a4 b4 17. Nb5 Nxb5 18. axb5 Nc7 19. Be3 Bf8 20. Rc1 Nxb5 21. Bxc5 Nc3
22. Nxc3 Bxc5 23. Na4 Bd4 24. Nc5 Qb6 25. Qc2 Ba6 26. Nxa6 Qxa6 27. Rfd1 Rac8
28. Qb1 Qe2 29. Rf1 Rc3 30. Rxc3 bxc3 31. Qd1 Bxf2+ 32. Kh2 Qxd1 33. Rxd1 Be3
0-1

[Event "8e Festival de Vaujany 2017 - principal"]
[Site "Vaujany"]
[Date "2017.07.13"]
[Round "1.15"]
[White "Olivier, Jean-Christophe"]
[Black "Virag, Balint"]
[Result "1-0"]
[WhiteElo "2353"]
[BlackElo "1922"]
[PlyCount "63"]
[EventDate "2017.07.13"]
[EventRounds "9"]
[EventCountry "FRA"]

1. e4 e6 2. d4 d5 3. Nc3 Nf6 4. Bg5 Bb4 5. Nge2 dxe4 6. a3 Bxc3+ 7. Nxc3 Nbd7
8. Nxe4 O-O 9. Bd3 h6 10. Bh4 b6 11. Qe2 Bb7 12. O-O-O Rc8 13. f4 Re8 14. Rhg1
Qe7 15. g4 Bxe4 16. Bxe4 Qd6 17. Bd3 Nd5 18. Bg3 Nxf4 19. Bxf4 Qxf4+ 20. Kb1
Nf6 21. h4 Nd5 22. g5 Qe3 23. Qg4 Re7 24. Rgf1 c5 25. c4 cxd4 26. cxd5 hxg5 27.
hxg5 Rec7 28. dxe6 Qxe6 29. Bf5 Qb3 30. Bxc8 Qc2+ 31. Ka1 Rc3 32. Qxd4 1-0

[Event "8e Festival de Vaujany 2017 - principal"]
[Site "?"]
[Date "2017.07.13"]
[Round "1.16"]
[White "Benezra, Amos"]
[Black "Midoux, Sebastien"]
[Result "0-1"]
[WhiteElo "1907"]
[BlackElo "2339"]
[PlyCount "46"]

1. e4 d5 2. exd5 Nf6 3. Nf3 Nxd5 4. Bc4 Bf5 5. d4 e6 6. O-O Be7 7. c3 O-O 8.
Nbd2 Nd7 9. Re1 c5 10. h3 Rc8 11. Bxd5 exd5 12. dxc5 Nxc5 13. Nd4 Bg6 14. N2f3
Bd6 15. Bg5 Qb6 16. Nb3 Nd3 17. Re3 Nxb2 18. Qxd5 Nc4 19. Ree1 Qc6 20. Qd4 Bb8
21. Be7 Rfe8 22. Nc5 Na3 23. Nd7 Nc2 0-1

[Event "8e Festival de Vaujany 2017 - principal"]
[Site "?"]
[Date "2017.07.13"]
[Round "1.17"]
[White "Gedajlovic, Max"]
[Black "Geher, Laszlo"]
[Result "1-0"]
[WhiteElo "2324"]
[BlackElo "1900"]
[PlyCount "57"]

1. Nf3 g6 2. d4 Bg7 3. c4 Nf6 4. Nc3 d5 5. cxd5 Nxd5 6. e4 Nxc3 7. bxc3 c5 8.
Be3 O-O 9. Be2 b6 10. Rc1 Qc7 11. O-O Rd8 12. Qb3 Bb7 13. d5 Nd7 14. Nd2 Nf8
15. g3 e6 16. c4 Qe5 17. Rc2 Qc7 18. Re1 f5 19. Bf4 Qf7 20. Bf1 h6 21. f3 g5
22. Be3 Qg6 23. exf5 exf5 24. Bf2 Re8 25. Rcc1 Nd7 26. Qc2 Ne5 27. Re3 Nf7 28.
Rce1 Nd6 29. Re6 1-0

[Event "8e Festival de Vaujany 2017 - principal"]
[Site "?"]
[Date "2017.07.13"]
[Round "1.18"]
[White "Roche, Yves"]
[Black "Van Osch, Mees"]
[Result "0-1"]
[WhiteElo "1885"]
[BlackElo "2316"]
[PlyCount "42"]

1. d4 Nf6 2. Nf3 g6 3. h3 Bg7 4. Bf4 O-O 5. Nbd2 d5 6. c4 c6 7. e3 Bf5 8. a3
Nbd7 9. Qb3 c5 10. Qxb7 cxd4 11. exd4 dxc4 12. Bxc4 Nb6 13. Bc7 Qd7 14. Ne5
Qxd4 15. O-O Qxd2 16. Bxb6 Be4 17. Qxe7 Nd5 18. Bxd5 Qxd5 19. Bc7 Rae8 20. Qd7
Bxe5 21. Qxd5 Bxd5 0-1

[Event "8e Festival de Vaujany 2017 - principal"]
[Site "?"]
[Date "2017.07.13"]
[Round "1.19"]
[White "Collas, Silvia"]
[Black "De Vent, Rens"]
[Result "1-0"]
[WhiteElo "2296"]
[BlackElo "1856"]
[PlyCount "85"]

1. c4 g6 2. g3 Bg7 3. Bg2 d6 4. e4 e5 5. Ne2 f5 6. exf5 gxf5 7. d4 Nf6 8. Bg5
c6 9. Nbc3 Qa5 10. O-O O-O 11. Qd2 Be6 12. b3 Nbd7 13. Rad1 Bf7 14. f4 e4 15.
Nxe4 Qxd2 16. Nxf6+ Nxf6 17. Rxd2 Rfe8 18. Bxf6 Bxf6 19. Bh3 Bh5 20. Nc1 Re4
21. Bxf5 Rxd4 22. Rxd4 Bxd4+ 23. Kg2 Re8 24. g4 Bf7 25. Bd3 d5 26. Ne2 Bc5 27.
Ng3 dxc4 28. Bxc4 Bxc4 29. bxc4 Re3 30. Rb1 b6 31. Rb3 Re1 32. Rd3 a5 33. Rd7
Ra1 34. Ne4 Rxa2+ 35. Kg3 a4 36. g5 a3 37. Nf6+ Kf8 38. Nxh7+ Kg8 39. g6 Bf2+
40. Kg4 Bh4 41. Kxh4 Rf2 42. Nf6+ Kf8 43. Rf7# 1-0

[Event "8e Festival de Vaujany 2017 - principal"]
[Site "Vaujany"]
[Date "2017.07.13"]
[Round "1.20"]
[White "Kantzer, Romain"]
[Black "Gazik, Igor"]
[Result "1/2-1/2"]
[WhiteElo "1846"]
[BlackElo "2273"]
[PlyCount "93"]
[EventDate "2017.07.13"]
[EventRounds "9"]
[EventCountry "FRA"]

1. d4 Nf6 2. Bf4 g6 3. Nf3 Bg7 4. e3 c5 5. c3 Qb6 6. Qb3 Nh5 7. Be5 f6 8. Qxb6
axb6 9. Bxb8 Rxb8 10. g4 d5 11. gxh5 Bg4 12. Bb5+ Kd8 13. Be2 Bxh5 14. Nfd2
Bxe2 15. Kxe2 Kd7 16. Na3 e5 17. Nb3 Kc6 18. c4 cxd4 19. exd4 e4 20. cxd5+ Kxd5
21. Rac1 Bh6 22. Rc7 Bf4 23. Rc3 Rbc8 24. Nb5 f5 25. h4 h6 26. Rhh3 g5 27. Rxc8
Rxc8 28. Nc3+ Kc4 29. hxg5 Bxg5 30. Nd1 Kb4 31. Rc3 Rc6 32. Ne3 Rxc3 33. bxc3+
Kxc3 34. Nd5+ Kb2 35. Nxb6 Kxa2 36. Nc5 Bf6 37. d5 Bd4 38. Nxb7 Bxb6 39. d6 h5
40. d7 h4 41. Nd6 Kb3 42. Nxf5 h3 43. Kf1 Kc4 44. Nd6+ Kd3 45. Nb7 e3 46. fxe3
Kxe3 47. d8=Q 1/2-1/2

[Event "8e Festival de Vaujany 2017 - principal"]
[Site "?"]
[Date "2017.07.13"]
[Round "1.22"]
[White "Keiman, Clemens"]
[Black "Dudognon, Thibault"]
[Result "1/2-1/2"]
[WhiteElo "1836"]
[BlackElo "2201"]
[PlyCount "87"]

1. d4 d5 2. c4 c6 3. Nf3 Nf6 4. e3 Bf5 5. Nc3 e6 6. Nh4 Bg6 7. Be2 Nbd7 8. Bd2
Be7 9. Nxg6 hxg6 10. Qb3 Qb6 11. O-O-O Qxb3 12. axb3 Bb4 13. Kc2 Bxc3 14. Bxc3
Ne4 15. Be1 f5 16. f3 Nef6 17. Bg3 Ke7 18. h3 g5 19. Bd3 Rad8 20. Rhe1 a6 21.
c5 Kf7 22. Bd6 Ne8 23. Bg3 Nef6 24. Bd6 Rde8 25. e4 dxe4 26. fxe4 g6 27. Rf1
Kg7 28. Rde1 f4 29. Kc3 Rh4 30. Bc4 e5 31. d5 a5 32. dxc6 bxc6 33. Rf3 g4 34.
hxg4 Rxg4 35. Re2 g5 36. Ba6 Rh8 37. Bb7 Rh2 38. Bxc6 Rgxg2 39. Rxg2 Rxg2 40.
Bxd7 Nxd7 41. c6 Nb6 42. Bxe5+ Kf7 43. Kd4 Ke6 44. Bb8 1/2-1/2

[Event "8e Festival de Vaujany 2017 - principal"]
[Site "?"]
[Date "2017.07.13"]
[Round "1.25"]
[White "Bandet, Raphael"]
[Black "Patole, Noam"]
[Result "1-0"]
[WhiteElo "2179"]
[BlackElo "1776"]
[PlyCount "96"]

1. e4 e5 2. Nf3 Nc6 3. Bc4 Nf6 4. d3 Be7 5. O-O d6 6. c3 O-O 7. Re1 h6 8. Nbd2
Nh7 9. Nf1 Na5 10. Bb5 a6 11. Ba4 b5 12. Bc2 c5 13. Ng3 Ng5 14. Nxg5 Bxg5 15.
Qh5 Bxc1 16. Raxc1 Qg5 17. Qxg5 hxg5 18. Nf5 g6 19. Ne7+ Kg7 20. Nxc8 Raxc8 21.
a3 b4 22. axb4 cxb4 23. cxb4 Nc6 24. Bb3 Nxb4 25. Rxc8 Rxc8 26. Bc4 f5 27. f3
f4 28. Ra1 Rc6 29. Ra4 Rb6 30. b3 Kf6 31. Kf2 Ke7 32. Ke2 Nc2 33. Kd2 Ne3 34.
b4 Nxg2 35. h3 Ne3 36. Bxa6 d5 37. b5 d4 38. Ra1 Kd6 39. Rc1 Ke7 40. Rg1 Ke6
41. Rxg5 Nf1+ 42. Ke1 Kf6 43. Rg1 Ne3 44. Kd2 Ke7 45. Rc1 Kd7 46. Rc5 Kd6 47.
Rc8 Kd7 48. Rg8 Ke7 1-0

[Event "8e Festival de Vaujany 2017 - principal"]
[Site "?"]
[Date "2017.07.13"]
[Round "1.27"]
[White "Decrop, Benjamin"]
[Black "Guillaumat, Jean-Pierre"]
[Result "1-0"]
[WhiteElo "2177"]
[BlackElo "1727"]
[PlyCount "33"]

1. e4 c5 2. Nf3 e6 3. b3 d6 4. Bb2 Nf6 5. e5 dxe5 6. Nxe5 Be7 7. Bb5+ Nbd7 8.
O-O O-O 9. f4 a6 10. Bd3 Qc7 11. Qf3 Bd6 12. Nxd7 Nxd7 13. Bxh7+ Kxh7 14. Qh5+
Kg8 15. Bxg7 Kxg7 16. Qg5+ Kh7 17. Rf3 1-0

[Event "8e Festival de Vaujany 2017 - principal"]
[Site "Vaujany"]
[Date "2017.07.14"]
[Round "2.1"]
[White "Abello, Sebastien"]
[Black "Bauer, Christian"]
[Result "0-1"]
[WhiteElo "2362"]
[BlackElo "2639"]
[PlyCount "126"]
[EventDate "2017.07.13"]
[EventRounds "9"]
[EventCountry "FRA"]

1. d4 d6 2. Nf3 Nf6 3. c4 g6 4. Nc3 Bf5 5. Nh4 Bd7 6. g3 Bg7 7. Bg2 Nc6 8. O-O
O-O 9. b3 a6 10. Bb2 Rb8 11. Rc1 e6 12. Re1 b5 13. d5 Ne5 14. dxe6 fxe6 15.
cxb5 axb5 16. h3 Nh5 17. Nf3 Rb6 18. Rc2 Nf7 19. b4 Nf6 20. e4 e5 21. Nd5 Rb7
22. a3 Ne8 23. Qd3 c6 24. Ne3 Qe7 25. Nf1 Nd8 26. N1d2 Qf6 27. Re3 Bh6 28. Re2
Be6 29. Kh2 Rbf7 30. Kg1 Qe7 31. Nh2 Qd7 32. h4 Nf6 33. f3 Qa7+ 34. Kh1 Rd7 35.
Nhf1 Nh5 36. Kh2 Qb7 37. Ne3 Nf7 38. Ng4 Bg7 39. Ne3 d5 40. Bh3 Bxh3 41. Kxh3
d4 42. Ng2 Nd8 43. Nb3 Rdf7 44. Rf2 Rf6 45. Bc1 Qf7 46. Ne1 h6 47. Kg2 Nb7 48.
Rf1 Kh7 49. g4 Nf4+ 50. Bxf4 Rxf4 51. Rxc6 h5 52. gxh5 gxh5 53. Rg1 Nd8 54. Rc2
Rxh4 55. Nc5 Bh6 56. Kf1 Be3 57. Rgg2 Rh1+ 58. Ke2 Qe8 59. Qb3 Rg8 60. Ncd3 Ne6
61. Rxg8 Qxg8 62. Qd5 Qg1 63. Qxe6 Qf1+ 0-1

[Event "8e Festival de Vaujany 2017 - principal"]
[Site "Vaujany"]
[Date "2017.07.14"]
[Round "2.2"]
[White "Lagarde, Maxime"]
[Black "Olivier, Jean Christophe"]
[Result "1-0"]
[WhiteElo "2603"]
[BlackElo "2353"]
[PlyCount "139"]
[EventDate "2017.07.13"]
[EventRounds "9"]
[EventCountry "FRA"]

1. d4 Nf6 2. Bf4 e6 3. e3 b6 4. c4 Bb7 5. Nc3 Be7 6. Nf3 O-O 7. h3 Ne4 8. Bd3
Nxc3 9. bxc3 d6 10. Qc2 h6 11. Bh7+ Kh8 12. Be4 Bxe4 13. Qxe4 Nd7 14. Qc6 Bf6
15. a4 e5 16. Bg3 a5 17. O-O Re8 18. Rfd1 Rc8 19. Rab1 Qe7 20. Rb5 e4 21. Nd2
Nf8 22. Rf5 Bg5 23. Rb1 g6 24. Rfb5 Qd7 25. Qxd7 Nxd7 26. h4 Bf6 27. h5 Bg5 28.
hxg6 fxg6 29. Kf1 Re6 30. Ke2 Kg7 31. Rh1 Rf8 32. Rb3 h5 33. Nb1 Rh8 34. Na3 h4
35. Bh2 Rf8 36. Nb5 Bd8 37. Rbb1 g5 38. Rbf1 Rf5 39. f3 Nf6 40. d5 Re8 41. Nd4
Kg6 42. Nxf5 Kxf5 43. Rd1 Nd7 44. fxe4+ Rxe4 45. Rd4 Re8 46. g3 h3 47. g4+ Kg6
48. Bg3 Rh8 49. c5 Nxc5 50. Rc4 Bf6 51. e4 Bg7 52. Kf3 Rf8+ 53. Ke3 Rh8 54. Bh2
Rf8 55. Rd4 Re8 56. Rc4 Rf8 57. Rd1 Rf7 58. Rd2 Rf1 59. Bg3 Rc1 60. Rh2 Rxc3+
61. Rxc3 Bxc3 62. Rxh3 b5 63. axb5 a4 64. Rh2 a3 65. Ra2 Bb2 66. b6 cxb6 67.
Bxd6 Kf6 68. e5+ (68. Bxc5 bxc5 69. Kd3 Ke5 70. Kc4 Kxe4) 68... Bxe5 69. Bxc5
bxc5 70. Rxa3 1-0

[Event "8e Festival de Vaujany 2017 - principal"]
[Site "Vaujany"]
[Date "2017.07.14"]
[Round "2.3"]
[White "Midoux, Sebastien"]
[Black "Horvath, Jozsef"]
[Result "0-1"]
[WhiteElo "2339"]
[BlackElo "2541"]
[PlyCount "56"]
[EventDate "2017.07.13"]
[EventRounds "9"]
[EventCountry "FRA"]

1. Nf3 d6 2. d4 g6 3. e4 Bg7 4. c3 Nf6 5. Bd3 O-O 6. h3 Nc6 7. O-O e5 8. dxe5
dxe5 9. Qe2 Nh5 10. Bb5 Bd7 11. Rd1 Qe7 12. b3 Nf4 13. Qe1 Rfd8 14. Nbd2 Nb4
15. Bxd7 Nc2 16. Qf1 Nxa1 17. Bb5 c6 18. Be2 Qd6 19. Kh2 Nxe2 20. Qxe2 Nc2 21.
Rg1 Qd3 22. Qxd3 Rxd3 23. Bb2 Rad8 24. Nc4 Rd1 25. Ncxe5 Rxg1 26. Kxg1 Rd1+ 27.
Kh2 Bxe5+ 28. Nxe5 f6 0-1

[Event "8e Festival de Vaujany 2017 - principal"]
[Site "?"]
[Date "2017.07.14"]
[Round "2.4"]
[White "Maiorov, Nikita"]
[Black "Gedajlovic, Max"]
[Result "1-0"]
[WhiteElo "2531"]
[BlackElo "2324"]
[PlyCount "87"]

1. d4 Nf6 2. c4 e6 3. Nc3 Bb4 4. Qc2 b6 5. a3 Bxc3+ 6. Qxc3 Bb7 7. Nf3 d5 8.
cxd5 Qxd5 9. Qxc7 Nbd7 10. Qc2 Rc8 11. Qd3 Qh5 12. g3 O-O 13. Bg2 e5 14. Qd1 e4
15. Nd2 Ba6 16. Nxe4 Nxe4 17. Bxe4 Rfe8 18. Bd3 Nf6 19. Bxa6 Qa5+ 20. Bd2 Qxa6
21. e3 Qb5 22. Rb1 Ne4 23. Qe2 Qb3 24. O-O Rc2 25. Rfd1 h5 26. d5 Qxd5 27. Be1
Qc5 28. Qd3 h4 29. Qd7 Nf6 30. Qh3 hxg3 31. hxg3 Qb5 32. Rd4 Re4 33. Rxe4 Nxe4
34. Rd1 Qg5 35. Rd4 Rc1 36. Rxe4 Rxe1+ 37. Kh2 f5 38. Re5 Re2 39. Kg2 Rxb2 40.
Re8+ Kf7 41. Qh8 f4 42. Qg8+ Kg6 43. Re6+ Kf5 44. Re5+ 1-0